Statistics for Jobs In French

Click here to take the quiz!

General Stats

  • This quiz has been taken 1,471 times
    (1,469 since last reset)
  • The average score is 13 of 20

Answer Stats

Hint Answer % Correct
MédecinDoctor
95%
Agent de policePolice Officer
94%
PlombierPlumber
93%
DentisteDentist
90%
ProfesseurTeacher
88%
Danseur/euseDancer
87%
RéceptionnisteReceptionist
84%
Chanteur/triceSinger
82%
BoulangèreBaker
78%
InfirmièreNurse
78%
AvocatLawyer
71%
AuteurAuthor
68%
BouchèreButcher
67%
Hôtesse de l'airAir Hostess
65%
PompierFirefighter
56%
Ouvrier d'usineA Factory Worker
35%
Instituteur/trice(Primary School) Teacher
24%
FacteurPostman
22%
RéalisateurProducer
16%
CadreExecutive
6%

Score Distribution

Percentile by Number Answered

Percent of People with Each Score

Your Score History

You have not taken this quiz since the last reset